| 000 -LEADER |
| fixed length control field |
00968cam a22003137a 4500 |
| 001 - CONTROL NUMBER |
| control field |
16488909 |
| 003 - CONTROL NUMBER IDENTIFIER |
| control field |
US-DLC |
| 005 - DATE AND TIME OF LATEST TRANSACTION |
| control field |
20171211095132.0 |
| 008 - FIXED-LENGTH DATA ELEMENTS--GENERAL INFORMATION |
| fixed length control field |
101004s2012 maua 001 0 eng d |
| 010 ## - LIBRARY OF CONGRESS CONTROL NUMBER |
| LC control number |
2010938583 |
| 016 7# - NATIONAL BIBLIOGRAPHIC AGENCY CONTROL NUMBER |
| Record control number |
015649273 |
| Source |
Uk |
| 020 ## - INTERNATIONAL STANDARD BOOK NUMBER |
| International Standard Book Number |
1439079021 |
| 020 ## - INTERNATIONAL STANDARD BOOK NUMBER |
| International Standard Book Number |
9781439079027 |
| 035 ## - SYSTEM CONTROL NUMBER |
| System control number |
(OCoLC)ocn659993711 |
| 040 ## - CATALOGING SOURCE |
| Original cataloging agency |
YDXCP |
| Transcribing agency |
YDXCP |
| Modifying agency |
JBL |
| -- |
BWX |
| -- |
NUI |
| -- |
UKMGB |
| -- |
OKN |
| -- |
QUE |
| -- |
OCLCF |
| -- |
DLC |
| 041 ## - LANGUAGE CODE |
| Language code of text/sound track or separate title |
eng |
| 042 ## - AUTHENTICATION CODE |
| Authentication code |
lccopycat |
| 080 ## - UNIVERSAL DECIMAL CLASSIFICATION NUMBER |
| Universal Decimal Classification number |
004 SHE |
| 082 04 - DEWEY DECIMAL CLASSIFICATION NUMBER |
| Classification number |
004 SHE |
| Edition number |
22 |
| 100 1# - Rafti |
| Rafti |
30 |
| 101 ## - Shkurtesa |
| Shkurtesa |
SHKI |
| 245 10 - TITLE STATEMENT |
| Title |
Microsoft Access 2010 : |
| Statement of responsibility, etc |
Gary B. Shelly, Philip J. Pratt, Mary Z. Last. |
| 246 30 - VARYING FORM OF TITLE |
| Title proper/short title |
Access 2010 |
| 800 1# - SERIES ADDED ENTRY--PERSONAL NAME |
| Personal name |
Shelly, Gary B. |
| Title of a work |
Shelly Cashman series. |
| 906 ## - LOCAL DATA ELEMENT F, LDF (RLIN) |
| a |
7 |
| b |
cbc |
| c |
copycat |
| d |
2 |
| e |
ncip |
| f |
20 |
| g |
y-gencatlg |
| 942 ## - ADDED ENTRY ELEMENTS (KOHA) |
| Source of classification or shelving scheme |
|
| Item type |
Books |